01376cam a2200337 i 4500001001000000003000900010005001700019007000300036008004100039040003000080041000800110049000900118082002200127100005000149245011900199264005900318300002800377336002700405337003300432338002800465490001500493504003900508650006400547650007000611650007800681650008000759910003400839942001400873952013400887999001701021000014675DO-SdBNP20260312122126.0ta761116s1970 ve b 001 0 spa  aDO-SdBNPbspacBNPHUespa aspa aBNGR 4a320.56bS129p2221 aSagrera, Martín.d1935-eautor4aut.92670510aPoder blanco y negro :bel conflicto racial estadounidense y su repercusión mundial, ensayo /cMartín Sagrera. 1aCaracas, (Venezuela) :bMonte Ávila Editores,c1970. a209 páginas ;c19 cm. atextobtxt2rdacontent asin mediaciónbn2rdamedia avolumenbnc2rdacarrier1 aContinente aBibliografía : páginas 187-192 4aRacismozEstados UnidosaEnsayos, conferencias, etc.933247 4aNegrosxCondiciones políticas y socialeszEstados Unidos933248 4aConflictos culturaleszEstados UnidosxEnsayos, conferencias, etc.933249 4aDiscriminación racial zEstados UnidosxEnsayos, conferencias, etc.92280 aCatalogación por copia / LC 2ddccLBS1 00102ddc56708GRaBNPHUbBNPHUcCTd2010-01-18l0oBNPHU DS 320.56 S129pp14675-10r2020-06-25w2020-06-25yLBS1ZNo se presta c14259d14259